India's Foreign Policy: Surviving in a Turbulent World/ (Record no. 178561)

MARC details
000 -LEADER
fixed length control field 00707nam a22001937a 4500
005 - DATE AND TIME OF LATEST TRANSACTION
control field 20210406162152.0
010 ## - LCCN (DPL NO)
LC control number ENG-129372
020 ## - INTERNATIONAL STANDARD BOOK NUMBER
International Standard Book Number 978-93-5388-295-2
Terms of availability 1450.00
035 ## - SYSTEM CONTROL NUMBER
System control number EN-112904
037 ## - SOURCE OF ACQUISITION
Source of stock number/acquisition DBAD/PUB
082 ## - DEWEY DECIMAL CLASSIFICATION NUMBER
Classification number 327.54
245 ## - TITLE STATEMENT
Title India's Foreign Policy: Surviving in a Turbulent World/
Statement of responsibility, etc Edited by Arvind Gupta and Anil Wadhwa
260 ## - PUBLICATION, DISTRIBUTION, ETC. (IMPRINT)
Place of publication, distribution, etc New Delhi
Name of publisher, distributor, etc Sage Publication India
Date of publication, distribution, etc 2020
270 ## - ADDRESS
Address B1/1-1 Mohan Cooperative Industrial Area Mathura Road
City New Delhi
Postal code 110044
300 ## - PHYSICAL DESCRIPTION
Extent xi+304p.
Dimensions 24cm(hbk)
Other physical details Including tables, index and bibliographical references.
700 ## - ADDED ENTRY--PERSONAL NAME
Personal name Gupta, Arvind, Ed.
700 ## - ADDED ENTRY--PERSONAL NAME
Personal name Wadhwa, Anil, Ed.
942 ## - ADDED ENTRY ELEMENTS (KOHA)
Source of classification or shelving scheme Dewey Decimal Classification
Item type English Books
Classification part 327.54
Call number suffix IND
Holdings
Withdrawn status Lost status Not for loan Collection code Home library Current library Date acquired Source of acquisition Cost, normal purchase price Full call number Barcode Copy number Cost, replacement price Koha item type
      Non-fiction Shahdara Branch Shahdara Branch 06/04/2021 DBAD/PUB 1450.00 327.54 IND EN-112904 1 1450.00 English Books

© Delhi Public Library
Hit Counter
free hit counter